000 00749nam a2200253Ia 4500
001 dia_2895
003 CHAP
005 20230519113401.0
008 220117s1963 xx 000 0 und d
010 _a173395
040 _cCHAP
082 _a664.8 S52
100 _aSlanetz, L. W. ed.
_9153698
245 _aMicrobiological Quality of Foods, Proccedingds of a Conferen Held at Franconia /
_c by L.W.S- and Others
260 _aNew york, Academic press
_c1963
300 _a274 p.
500 _aD.
650 _aAlimentos.conservación
_9153699
650 _aAlimentos
_xbacteorología
_9153700
901 _a664.8 S52
902 _aM
905 _a0000001963 NEW 0000000000ING00
942 _cLIBRO
_2ddc
999 _c173395
_d173395